<?xml version="1.0" encoding="UTF-8"?>
<record
    xmlns:xsi="http://www.w3.org/2001/XMLSchema-instance"
    xsi:schemaLocation="http://www.loc.gov/MARC21/slim http://www.loc.gov/standards/marcxml/schema/MARC21slim.xsd"
    xmlns="http://www.loc.gov/MARC21/slim">

  <leader>00781nam a22001457a 4500</leader>
  <controlfield tag="003">OSt</controlfield>
  <controlfield tag="005">20160324091257.0</controlfield>
  <controlfield tag="008">160324b        xxu||||| |||| 00| 0 eng d</controlfield>
  <datafield tag="040" ind1=" " ind2=" ">
    <subfield code="c">RUA</subfield>
  </datafield>
  <datafield tag="082" ind1=" " ind2=" ">
    <subfield code="a">AVM OU 2011 B472 Or.1</subfield>
  </datafield>
  <datafield tag="100" ind1=" " ind2=" ">
    <subfield code="9">8173</subfield>
    <subfield code="a">OU TEKEING; &#x17A2;&#x17CA;&#x17BC; &#x178F;&#x17C1;&#x1780;&#x17A2;&#x17C0;&#x1784;</subfield>
  </datafield>
  <datafield tag="245" ind1=" " ind2=" ">
    <subfield code="a">Prevalence of parasite and treatment in dogs at animal clinic of department of agriculture in phnom penh, &#x1780;&#x1798;&#x17D2;&#x179A;&#x17B7;&#x178F;&#x179A;&#x17B6;&#x179B;&#x178A;&#x17B6;&#x179B;&#x1793;&#x17C3;&#x1794;&#x179A;&#x17B6;&#x179F;&#x17B7;&#x178F; &#x1793;&#x17B7;&#x1784;&#x1780;&#x17B6;&#x179A;&#x1796;&#x17D2;&#x1799;&#x17B6;&#x1794;&#x17B6;&#x179B;&#x179B;&#x17BE;&#x179F;&#x178F;&#x17D2;&#x179C;&#x179F;&#x17BB;&#x1793;&#x1781;&#x1793;&#x17C5;&#x1782;&#x17D2;&#x179B;&#x17B8;&#x1793;&#x17B7;&#x1780;(&#x1795;&#x17D2;&#x1793;&#x17C2;&#x1780;&#x1796;&#x17B7;&#x1793;&#x17B7;&#x178F;&#x17D2;&#x1799; &#x1793;&#x17B7;&#x1784;&#x1796;&#x17D2;&#x1799;&#x17B6;&#x1794;&#x17B6;&#x179B;&#x179F;&#x178F;&#x17D2;&#x179C;)&#x1793;&#x17C3;&#x1798;&#x1793;&#x17D2;&#x1791;&#x17B8;&#x1780;&#x179F;&#x17B7;&#x1780;&#x1798;&#x17D2;&#x1798;&#x179A;&#x17B6;&#x1787;&#x1792;&#x17B6;&#x1793;&#x17B8;&#x1797;&#x17D2;&#x1793;&#x17C6;&#x1796;&#x17C1;&#x1789;</subfield>
  </datafield>
  <datafield tag="300" ind1=" " ind2=" ">
    <subfield code="a">viii,36p.</subfield>
    <subfield code="b">ill.</subfield>
    <subfield code="c">29cm.</subfield>
  </datafield>
  <datafield tag="942" ind1=" " ind2=" ">
    <subfield code="2">ddc</subfield>
    <subfield code="c">AVM</subfield>
  </datafield>
  <datafield tag="999" ind1=" " ind2=" ">
    <subfield code="c">7783</subfield>
    <subfield code="d">7783</subfield>
  </datafield>
  <datafield tag="952" ind1=" " ind2=" ">
    <subfield code="0">0</subfield>
    <subfield code="1">0</subfield>
    <subfield code="2">ddc</subfield>
    <subfield code="4">0</subfield>
    <subfield code="6">AVM_OU_2011_000000000000000_B472_OR_1</subfield>
    <subfield code="7">0</subfield>
    <subfield code="9">45411</subfield>
    <subfield code="a">LBB</subfield>
    <subfield code="b">LBB</subfield>
    <subfield code="c">B472</subfield>
    <subfield code="d">2016-03-24</subfield>
    <subfield code="l">2</subfield>
    <subfield code="o">AVM OU 2011 B472 Or.1</subfield>
    <subfield code="p">RUA057341</subfield>
    <subfield code="r">2022-02-07</subfield>
    <subfield code="s">2022-01-28</subfield>
    <subfield code="w">2016-03-24</subfield>
    <subfield code="y">AVM</subfield>
  </datafield>
  <datafield tag="952" ind1=" " ind2=" ">
    <subfield code="0">0</subfield>
    <subfield code="1">0</subfield>
    <subfield code="2">ddc</subfield>
    <subfield code="4">0</subfield>
    <subfield code="6">AVM_OU_2011_000000000000000_B472_OR_1</subfield>
    <subfield code="7">0</subfield>
    <subfield code="9">65818</subfield>
    <subfield code="a">LBB</subfield>
    <subfield code="b">LBB</subfield>
    <subfield code="d">2017-10-06</subfield>
    <subfield code="o">AVM OU 2011 B472 Or.1</subfield>
    <subfield code="r">2017-10-06</subfield>
    <subfield code="w">2017-10-06</subfield>
    <subfield code="y">AVM</subfield>
  </datafield>
</record>
